000 00715nam a2200229Ia 4500
003 OSt
005 20230828121541.0
008 210716s1996 xx 000 0 und d
020 _a8175150513
040 _cAIMIT LIBRARY
041 _aeng
082 _a005.11FP
_21
_bJAIS
100 _aJaiswal, S.
_9131132
245 _aUnderstanding foxpro version 2.6 for windows /
_cBy S Jaiswal.
250 _a1st ed.
260 _aNew Delhi :
_bGalgotia Publications Pvt Ltd ,
_c1996.
300 _axii,388,6p. ;
_bPB
_c24 cm.
650 _aFoxpro menu system
_9131133
650 _aCreating tables and viewing data
_9131134
650 _aCreating reports and labels
_9131135
942 _2ddc
_cBK
_e1st ed.
_k005.11FP JAIS
999 _c183082
_d183082